| 000 | 00590nam a2200193 4500 | ||
|---|---|---|---|
| 001 | 131776 | ||
| 003 | ES-MaACL | ||
| 005 | 20250806063808.0 | ||
| 007 | t| | ||
| 008 | 070214s1964 sp r ||||1| spa d | ||
| 100 | 1 |
_aRof Carballo, Juan, _d1905-1994 _998915 |
|
| 245 | 1 | 0 |
_aMedicina y actividad creadora / _cJuan Rof Carballo. |
| 260 |
_aMadrid : _bRevista de Occidente, _c1964. |
||
| 300 |
_a365 p., [2] h. de lám. ; _c22 cm. |
||
| 650 | 4 |
_aMédicos artistas. _9171953 |
|
| 650 | 7 |
_aMedicina y arte _2embne _9171954 |
|
| 852 |
_aES-MaACL _jC-25991 |
||
| 999 |
_c131776 _d131776 |
||